[Event "AUT 4 Lands (Women)"]
[Site "Semriach"]
[Date "2013.05.20"]
[Round "3.3"]
[White "Klinkan, Elisabeth"]
[Black "Bernhard, Julia"]
[Result "1-0"]
[WhiteElo "1959"]
[BlackElo "1829"]
[PlyCount "87"]
[EventDate "2013.05.18"]
[EventType "team-tourn"]
[EventRounds "3"]
[EventCountry "AUT"]
[SourceTitle "EXT 2015"]
[Source "ChessBase"]
[SourceDate "2014.11.20"]
[SourceVersion "1"]
[SourceVersionDate "2014.11.20"]
[SourceQuality "1"]
[WhiteTeam "Steiermark"]
[BlackTeam "Oberoesterreich"]
[WhiteTeamCountry "AUT"]
[BlackTeamCountry "AUT"]

1. c4 Nf6 2. g3 g6 3. Bg2 Bg7 4. Nc3 d6 5. d3 Nbd7 6. Qc2 c6 7. Bd2 e5 8. Rb1 0-0 9. b4 Qc7 10. Qc1 Rb8 11. a4 b6 12. Nh3 Bb7 13. 0-0 d5 14. cxd5 cxd5 15. Qa3 a6 16. Rfc1 Qd6 17. f3 Rfc8 18. Nf2 Bf8 19. Qb2 Bg7 20. Bh3 Re8 21. e4 Rbd8 22. Rd1 Nf8 23. Rbc1 Ne6 24. Ne2 Re7 25. Bc3 d4 26. Bd2 Rc7 27. Bxe6 fxe6 28. Qb3 Rf7 29. f4 Rdf8 30. Nh3 h6 31. fxe5 Qxe5 32. Nef4 Kh7 33. Qxe6 Qb8 34. Qxb6 Nd7 35. Qxg6+ Kg8 36. Rf1 Ne5 37. Qe6 Bc8 38. Qb3 Kh7 39. Kg2 Qd6 40. b5 Rb7 41. Bb4 Qd7 42. Bxf8 Bxf8 43. Qc2 Rb8 44. Qc7 1-0

[Event "AUT 4 Lands (Women)"]
[Site "Semriach"]
[Date "2013.05.19"]
[Round "2.3"]
[White "Tschida, Verena"]
[Black "Klinkan, Elisabeth"]
[Result "0-1"]
[WhiteElo "1728"]
[BlackElo "1959"]
[PlyCount "94"]
[EventDate "2013.05.18"]
[EventType "team-tourn"]
[EventRounds "3"]
[EventCountry "AUT"]
[SourceTitle "EXT 2015"]
[Source "ChessBase"]
[SourceDate "2014.11.20"]
[SourceVersion "1"]
[SourceVersionDate "2014.11.20"]
[SourceQuality "1"]
[WhiteTeam "Burgenland"]
[BlackTeam "Steiermark"]
[WhiteTeamCountry "AUT"]
[BlackTeamCountry "AUT"]

1. d4 g6 2. Nf3 Bg7 3. Bf4 d6 4. c3 Nd7 5. Qa4 c6 6. Nbd2 Ngf6 7. e4 Nb6 8. Qb3 0-0 9. Bd3 h6 10. e5 Nh5 11. g3 Nd5 12. Be3 Be6 13. Qc2 Nxe3 14. fxe3 dxe5 15. dxe5 Qc7 16. 0-0 Rad8 17. Rae1 c5 18. Nc4 b5 19. Na3 a6 20. c4 b4 21. Nb1 Bxe5 22. Nxe5 Qxe5 23. Rf2 Ng7 24. Nd2 Nf5 25. Nf3 Qc7 26. b3 Rd6 27. Ne5 Rfd8 28. Be4 Nxe3 29. Qc1 Rd1 30. Qxe3 Rxe1+ 31. Qxe1 Qxe5 32. Qe3 Kg7 33. Qf3 Qf6 34. Qe3 Rd1+ 35. Kg2 Qd4 36. Qf3 f5 37. Bc2 Ra1 38. Bd3 a5 39. g4 Qxg4+ 40. Qxg4 fxg4 41. Kg3 h5 42. Be4 Rg1+ 43. Kh4 Kh6 44. Rg2 Rxg2 45. Bxg2 g5+ 46. Kg3 h4+ 47. Kf2 Bf5 0-1

[Event "AUT-chT (Women)"]
[Site "Austria"]
[Date "2012.03.04"]
[Round "4.1"]
[White "Klinkan, Elisabeth"]
[Black "Mira, Helene"]
[Result "1/2-1/2"]
[WhiteElo "1982"]
[BlackElo "2083"]
[PlyCount "47"]
[EventDate "2012.03.01"]
[EventType "team-tourn"]
[EventRounds "7"]
[EventCountry "AUT"]
[SourceTitle "CBM 147 Extra"]
[Source "ChessBase"]
[SourceDate "2012.04.24"]
[SourceVersion "1"]
[SourceVersionDate "2012.04.24"]
[SourceQuality "1"]
[WhiteTeam "Graz Schachamazonen (W)"]
[BlackTeam "Tirol Freundinnen (W)"]
[WhiteTeamCountry "AUT"]
[BlackTeamCountry "AUT"]

1. d4 d6 2. g3 g6 3. Bg2 Bg7 4. c3 Nf6 5. Nf3 0-0 6. Nbd2 Nbd7 7. Qc2 c6 8. b3 Qc7 9. 0-0 e5 10. Ba3 Rd8 11. dxe5 Nxe5 12. Rad1 Nxf3+ 13. Nxf3 Bf5 14. Qc1 d5 15. Nd4 Bg4 16. h3 Bd7 17. c4 dxc4 18. Qxc4 Be8 19. e3 Qa5 20. Bb4 Qe5 21. Bc3 Qe7 22. Bb4 Qe5 23. Bc3 Qe7 24. Bb4 1/2-1/2

[Event "Steyr Landesliga 1112"]
[Site "Austria"]
[Date "2012.02.04"]
[Round "8.7"]
[White "Kreiner, Stefan"]
[Black "Klinkan, Elisabeth"]
[Result "1-0"]
[WhiteElo "1960"]
[BlackElo "1982"]
[PlyCount "79"]
[EventDate "2011.09.24"]
[EventType "team-tourn"]
[EventRounds "11"]
[EventCountry "AUT"]
[SourceTitle "EXT 2013"]
[Source "ChessBase"]
[SourceDate "2012.11.22"]
[SourceVersion "1"]
[SourceVersionDate "2012.11.22"]
[SourceQuality "1"]
[WhiteTeam "Pinggau Friedberg"]
[BlackTeam "Weiz"]
[WhiteTeamCountry "AUT"]
[BlackTeamCountry "AUT"]

1. e4 c5 2. Nf3 Nc6 3. d4 cxd4 4. Nxd4 a6 5. Nc3 e6 6. Be2 Qc7 7. 0-0 Nf6 8. Be3 Be7 9. f4 d6 10. a4 Bd7 11. Nb3 Na5 12. Nxa5 Qxa5 13. Qd3 Rc8 14. Bf3 Bc6 15. g4 h6 16. b4 Qc7 17. Ne2 b5 18. Nd4 d5 19. e5 Nd7 20. axb5 Bxb5 21. Nxb5 axb5 22. Qxb5 Rb8 23. Qd3 Rxb4 24. Ra7 Qc8 25. c3 Rb3 26. Bd4 0-0 27. Bd1 Nc5 28. Qe3 Rb7 29. Rxb7 Nxb7 30. Bc2 Bc5 31. Qd3 Bxd4+ 32. cxd4 f5 33. exf6 Rxf6 34. Qh7+ Kf7 35. Rc1 Qb8 36. Rb1 Qa7 37. g5 Rxf4 38. Bg6+ Kf8 39. Qh8+ Ke7 40. Rxb7+ 1-0

[Event "Steyr Landesliga 1112"]
[Site "Austria"]
[Date "2012.01.21"]
[Round "7.7"]
[White "Klinkan, Elisabeth"]
[Black "Vilits, Andreas"]
[Result "0-1"]
[WhiteElo "1982"]
[BlackElo "2139"]
[PlyCount "80"]
[EventDate "2011.09.24"]
[EventType "team-tourn"]
[EventRounds "11"]
[EventCountry "AUT"]
[SourceTitle "EXT 2013"]
[Source "ChessBase"]
[SourceDate "2012.11.22"]
[SourceVersion "1"]
[SourceVersionDate "2012.11.22"]
[SourceQuality "1"]
[WhiteTeam "Weiz"]
[BlackTeam "Graz Schachfreunde"]
[WhiteTeamCountry "AUT"]
[BlackTeamCountry "AUT"]

1. d4 Nf6 2. Bg5 d5 3. g3 c6 4. c3 e6 5. Bg2 Be7 6. Nd2 Nbd7 7. Bxf6 Nxf6 8. e4 dxe4 9. Nxe4 0-0 10. f4 Nd5 11. Qd2 Qc7 12. Nf3 b6 13. 0-0 Ba6 14. Rfc1 Rad8 15. Ne5 c5 16. a3 Bb7 17. Qe2 Rfe8 18. Qh5 Bf6 19. Ng4 Be7 20. Ne5 g6 21. Qe2 Bf6 22. Ng4 Bg7 23. c4 Bxd4+ 24. Kh1 Ba6 25. Qc2 f5 26. cxd5 fxe4 27. Rd1 Bd3 28. Rxd3 exd3 29. Qxd3 exd5 30. Rb1 Qg7 31. Qb5 h5 32. Bxd5+ Kh7 33. Bc6 Re7 34. Ne5 Bxe5 35. fxe5 Qxe5 36. Rf1 Rd2 37. Qc4 Rxb2 38. Rf7+ Rxf7 39. Qxf7+ Qg7 40. Qf1 Ra2 0-1

[Event "Steyr Landesliga 1112"]
[Site "Austria"]
[Date "2011.10.29"]
[Round "4.7"]
[White "Knoll, Martin"]
[Black "Klinkan, Elisabeth"]
[Result "1/2-1/2"]
[WhiteElo "2027"]
[BlackElo "1982"]
[PlyCount "82"]
[EventDate "2011.09.24"]
[EventType "team-tourn"]
[EventRounds "11"]
[EventCountry "AUT"]
[SourceTitle "EXT 2013"]
[Source "ChessBase"]
[SourceDate "2012.11.22"]
[SourceVersion "1"]
[SourceVersionDate "2012.11.22"]
[SourceQuality "1"]
[WhiteTeam "Gleisdorf"]
[BlackTeam "Weiz"]
[WhiteTeamCountry "AUT"]
[BlackTeamCountry "AUT"]

1. d4 d5 2. c4 e6 3. Nc3 c6 4. e3 Be7 5. Nf3 f5 6. Bd3 Nf6 7. Ne5 Nbd7 8. f4 Nxe5 9. fxe5 Ng4 10. 0-0 Bg5 11. Qf3 0-0 12. h3 Nh6 13. b3 Bd7 14. Ba3 Be7 15. Bb2 Nf7 16. g4 Ng5 17. Qg3 Ne4 18. Bxe4 Bh4 19. Qg2 fxe4 20. Rxf8+ Qxf8 21. Rf1 Qe7 22. Ne2 a5 23. c5 a4 24. b4 b5 25. a3 Rf8 26. Bc3 Be8 27. Rxf8+ Qxf8 28. Qf1 Qxf1+ 29. Kxf1 Be7 30. Nf4 Bf7 31. Kf2 g5 32. Ng2 Kg7 33. Be1 h6 34. Kg1 Kg6 35. h4 Kg7 36. Kh2 Bg8 37. Bg3 Bh7 38. Kh3 Bg6 39. Ne1 Bh7 40. Ng2 Bg6 41. h5 Bh7 1/2-1/2

[Event "Steyr-ch (Women)"]
[Site "Gleisdorf"]
[Date "2011.06.26"]
[Round "4.1"]
[White "Huber, Elke Carola"]
[Black "Klinkan, Elisabeth"]
[Result "0-1"]
[WhiteElo "1639"]
[BlackElo "1983"]
[PlyCount "64"]
[EventDate "2011.06.24"]
[EventType "swiss"]
[EventRounds "5"]
[EventCountry "AUT"]
[SourceTitle "EXT 2024"]
[Source "ChessBase"]
[SourceDate "2023.10.10"]
[SourceVersion "1"]
[SourceVersionDate "2023.10.10"]
[SourceQuality "1"]

1. d4 d5 2. c4 e6 3. Nc3 c6 4. cxd5 exd5 5. Nf3 Nf6 6. Bg5 Nbd7 7. e3 Be7 8. Bd3 h6 9. Bh4 0-0 10. Qc2 b6 11. 0-0 Bb7 12. Rac1 Re8 13. h3 Ne4 14. Bxe7 Qxe7 15. Rfd1 f5 16. Qe2 Rad8 17. Rc2 Kh8 18. a3 g5 19. Nh2 Ndf6 20. Nf3 Nd7 21. Nh2 Qe6 22. Nf3 Re7 23. b4 Rg8 24. Kh2 Reg7 25. g3 h5 26. Rg1 Qd6 27. Bxe4 fxe4 28. Ne5 Nxe5 29. dxe5 Qxe5 30. Qxh5+ Rh7 31. Qg4 Bc8 32. Qd1 Bxh3 0-1

[Event "Steyr-ch (Women)"]
[Site "Gleisdorf"]
[Date "2011.06.26"]
[Round "5.3"]
[White "Klinkan, Elisabeth"]
[Black "Landl, Margot"]
[Result "1/2-1/2"]
[WhiteElo "1983"]
[BlackElo "1782"]
[PlyCount "90"]
[EventDate "2011.06.24"]
[EventType "swiss"]
[EventRounds "5"]
[EventCountry "AUT"]
[SourceTitle "EXT 2024"]
[Source "ChessBase"]
[SourceDate "2023.10.10"]
[SourceVersion "1"]
[SourceVersionDate "2023.10.10"]
[SourceQuality "1"]

1. c4 e6 2. g3 d5 3. Bg2 c6 4. Qc2 Nf6 5. b3 Nbd7 6. Bb2 Bd6 7. Nc3 0-0 8. Nf3 b6 9. 0-0 Ba6 10. d3 Rc8 11. e4 Bb7 12. Qe2 dxc4 13. dxc4 Qc7 14. Rad1 e5 15. Rd2 Bb4 16. a3 Bxc3 17. Bxc3 Rfe8 18. Nh4 Nc5 19. b4 Nb3 20. Rd3 c5 21. Bxe5 Rxe5 22. Rxb3 cxb4 23. axb4 Qxc4 24. Qxc4 Rxc4 25. Rd1 Bxe4 26. Bxe4 Rcxe4 27. Kf1 g6 28. Ra1 Re7 29. Nf3 Rc4 30. Ra2 Nd5 31. b5 Rc3 32. Rxc3 Nxc3 33. Rb2 Re4 34. Rb3 Nd5 35. Ra3 Rb4 36. Rxa7 Rxb5 37. Kg2 Rb2 38. Ne5 f5 39. Nc4 Rc2 40. Nd6 h5 41. Rb7 Rb2 42. Nc4 Rb3 43. Rd7 Nf6 44. Rd6 Kg7 45. Rxb6 Rxb6 1/2-1/2

[Event "Steyr-ch (Women)"]
[Site "Gleisdorf"]
[Date "2011.06.25"]
[Round "3.3"]
[White "Steiner, Magdalena"]
[Black "Klinkan, Elisabeth"]
[Result "0-1"]
[WhiteElo "1555"]
[BlackElo "1983"]
[PlyCount "68"]
[EventDate "2011.06.24"]
[EventType "swiss"]
[EventRounds "5"]
[EventCountry "AUT"]
[SourceTitle "EXT 2024"]
[Source "ChessBase"]
[SourceDate "2023.10.10"]
[SourceVersion "1"]
[SourceVersionDate "2023.10.10"]
[SourceQuality "1"]

1. e4 c5 2. Nc3 Nc6 3. g3 d6 4. Bg2 g6 5. d3 Bg7 6. f4 a6 7. Be3 e6 8. Rb1 Nge7 9. Nf3 Nd4 10. Qd2 Nec6 11. Ne2 Rb8 12. c3 Nxe2 13. Qxe2 Qa5 14. a3 0-0 15. 0-0 Bd7 16. g4 Ne7 17. e5 d5 18. h4 Qc7 19. Kf2 b5 20. Rh1 b4 21. axb4 cxb4 22. Bd4 Rfc8 23. h5 Nc6 24. hxg6 fxg6 25. Rhc1 Nxd4 26. Nxd4 Qa7 27. Qe3 bxc3 28. bxc3 Rxb1 29. Rxb1 Rxc3 30. Kf3 Qc7 31. Qd2 a5 32. Bf1 a4 33. Qa2 Qc5 34. Ke3 Rc1 0-1

[Event "Weiz op 10th"]
[Site "Weiz"]
[Date "2011.04.10"]
[Round "5"]
[White "Hafner, Robert"]
[Black "Klinkan, Elisabeth"]
[Result "0-1"]
[WhiteElo "2110"]
[BlackElo "1983"]
[PlyCount "112"]
[EventDate "2011.04.07"]
[EventType "swiss"]
[EventRounds "5"]
[EventCountry "AUT"]
[SourceTitle "CBM 141 Extra"]
[Source "ChessBase"]
[SourceDate "2011.05.03"]
[SourceVersion "1"]
[SourceVersionDate "2011.05.03"]
[SourceQuality "1"]

1. d4 d5 2. c4 e6 3. Nc3 c6 4. e3 Nf6 5. Nf3 Nbd7 6. Bd3 dxc4 7. Bxc4 Be7 8. 0-0 Qc7 9. b3 0-0 10. Bb2 Rd8 11. Qe2 Nb6 12. Bd3 Nbd5 13. a3 a5 14. Rfc1 Nxc3 15. Bxc3 Nd5 16. Bb2 Qb6 17. Qc2 h6 18. g3 Bd7 19. Nd2 Rac8 20. Ne4 Be8 21. Nc5 Qc7 22. e4 Nf6 23. e5 Nd5 24. Be4 Bg5 25. f4 Be7 26. Kf2 b6 27. Nd3 Qa7 28. b4 axb4 29. axb4 Qb8 30. Ba3 f5 31. exf6 Nxf6 32. Ne5 Rxd4 33. Bg6 Ng4+ 34. Nxg4 Rxf4+ 35. Kg2 Rxg4 36. Bxe8 Rxe8 37. Qxc6 Bf6 38. Kh3 Rg5 39. Rab1 e5 40. b5 e4 41. Bd6 Qd8 42. Re1 Qc8+ 43. Qxc8 Rxc8 44. Rxe4 Rh5+ 45. Kg4 Rxh2 46. Rf1 Rb2 47. Rf5 Rb3 48. Ra4 Rd8 49. Be5 Bxe5 50. Rxe5 Rdd3 51. Ra8+ Kh7 52. Rb8 Rxg3+ 53. Kf4 Rbf3+ 54. Ke4 Re3+ 55. Kd4 Rxe5 56. Kxe5 Rg5+ 0-1

[Event "Weiz op 10th"]
[Site "Weiz"]
[Date "2011.04.09"]
[Round "3"]
[White "Kropik, Martin"]
[Black "Klinkan, Elisabeth"]
[Result "1/2-1/2"]
[WhiteElo "2071"]
[BlackElo "1983"]
[PlyCount "122"]
[EventDate "2011.04.07"]
[EventType "swiss"]
[EventRounds "5"]
[EventCountry "AUT"]
[SourceTitle "CBM 141 Extra"]
[Source "ChessBase"]
[SourceDate "2011.05.03"]
[SourceVersion "1"]
[SourceVersionDate "2011.05.03"]
[SourceQuality "1"]

1. d4 e6 2. c4 f5 3. Nc3 d5 4. e3 c6 5. Bd3 Nf6 6. Nge2 Bd6 7. Ng3 Ne4 8. Bd2 0-0 9. Qc2 Qh4 10. Nce2 Nd7 11. Bxe4 fxe4 12. Nf4 Nf6 13. 0-0-0 Ng4 14. Rdf1 Bd7 15. Kb1 Rf7 16. f3 exf3 17. gxf3 Nxe3 18. Bxe3 Bxf4 19. Bxf4 Qxf4 20. Qc3 Raf8 21. Rhg1 Qh4 22. Rg2 g6 23. Re2 Rf4 24. cxd5 exd5 25. Qc5 Bf5+ 26. Nxf5 R4xf5 27. Qxa7 R8f7 28. Rfe1 Rxf3 29. Qb8+ Kg7 30. Qe5+ Qf6 31. Qe8 Qxd4 32. Re7 Qd3+ 33. Ka1 Rf1 34. Rxf7+ Rxf7 35. a3 Qf5 36. Re7 h5 37. h4 Rxe7 38. Qxe7+ Qf7 39. Qe5+ Kh7 40. Qg5 d4 41. b4 d3 42. Kb2 b5 43. Qd8 Qc4 44. Qe7+ Kg8 45. Qe8+ Kg7 46. Qe5+ Kf7 47. Qc7+ Ke6 48. Qc8+ Ke5 49. Qc7+ Kf5 50. Qd7+ Kf4 51. Qd6+ Ke3 52. Qg3+ Kd4 53. Qf4+ Kd5 54. Qg5+ Kd4 55. Qf4+ Kd5 56. Qg5+ Ke4 57. Qxg6+ Ke3 58. Qg3+ Ke2 59. Qg2+ Ke3 60. Qg3+ Ke2 61. Qg2+ Ke3 1/2-1/2

[Event "AUT-ch (Women)"]
[Site "Vienna"]
[Date "2010.07.29"]
[Round "6"]
[White "Klinkan, Elisabeth"]
[Black "Newrkla, Katharina"]
[Result "1/2-1/2"]
[WhiteElo "1963"]
[BlackElo "2105"]
[PlyCount "114"]
[EventDate "2010.07.24"]
[EventType "swiss"]
[EventRounds "9"]
[EventCountry "AUT"]
[SourceTitle "CBM 137 Extra"]
[Source "ChessBase"]
[SourceDate "2010.09.01"]
[SourceVersion "1"]
[SourceVersionDate "2010.09.01"]
[SourceQuality "1"]

1. d4 Nf6 2. Bg5 e6 3. c3 h6 4. Bh4 g5 5. Bg3 Bg7 6. Nd2 d6 7. e4 Nc6 8. Be2 Bd7 9. Qb3 Rb8 10. h3 Ne7 11. Qa3 Bc6 12. Bf3 Ng6 13. Ne2 h5 14. e5 dxe5 15. Bxc6+ bxc6 16. dxe5 Nd7 17. Nc4 Ndxe5 18. Nxe5 Nxe5 19. Bxe5 Bxe5 20. Qxa7 Rxb2 21. Rd1 Qb8 22. Qxb8+ Rxb8 23. 0-0 Rb2 24. Nd4 c5 25. Nc6 Bd6 26. Rb1 Rxb1 27. Rxb1 Kd7 28. Nb8+ Ke7 29. a4 c6 30. Nxc6+ Kd7 31. Na7 Rb8 32. Nb5 Kc6 33. Kf1 f5 34. Ke2 e5 35. c4 Ra8 36. Nxd6 Kxd6 37. Ra1 Kc6 38. a5 Ra7 39. Ke3 h4 40. f3 Ra8 41. Ra2 Ra7 42. Kf2 Ra8 43. g4 hxg3+ 44. Kxg3 Kc7 45. h4 gxh4+ 46. Kxh4 Rg8 47. a6 Kb8 48. Re2 e4 49. fxe4 Rg4+ 50. Kh3 Rxe4 51. Rxe4 fxe4 52. Kg3 Ka7 53. Kf4 Kxa6 54. Kxe4 Ka5 55. Ke5 Kb6 56. Kd6 Kb7 57. Kxc5 Kc7 1/2-1/2

[Event "AUT 4 Lands (Women)"]
[Site "Austria"]
[Date "2010.05.23"]
[Round "2.1"]
[White "Klinkan, Elisabeth"]
[Black "Horvath, Maria"]
[Result "0-1"]
[WhiteElo "1963"]
[BlackElo "2001"]
[PlyCount "72"]
[EventDate "2010.05.22"]
[EventType "team-match"]
[EventRounds "3"]
[EventCountry "AUT"]
[SourceTitle "EXT 2011"]
[Source "ChessBase"]
[SourceDate "2010.11.26"]
[SourceVersion "1"]
[SourceVersionDate "2010.11.26"]
[SourceQuality "1"]

1. d4 d5 2. c4 c6 3. e3 e6 4. Nf3 Bd6 5. Nbd2 f5 6. Ne5 Nf6 7. Be2 0-0 8. h3 Nbd7 9. f4 Ne4 10. Nxe4 fxe4 11. 0-0 Nxe5 12. fxe5 Rxf1+ 13. Bxf1 Be7 14. c5 b6 15. b4 a5 16. Qa4 Bd7 17. Bd2 axb4 18. Qxb4 bxc5 19. dxc5 Rb8 20. Qd4 Qc7 21. a4 Qa7 22. Rc1 Bc8 23. Be2 Ba6 24. Bg4 Qd7 25. Ba5 g6 26. Bb6 h5 27. Bd1 Bh4 28. Kh2 Rf8 29. Rc2 Be1 30. Be2 Bb7 31. Qd1 Bf2 32. Rc3 Qe7 33. Qd4 Qg5 34. Bc7 Qg3+ 35. Kh1 Be1 36. Rc1 Rf2 0-1

[Event "Graz op-A"]
[Site "Graz"]
[Date "2004.09.11"]
[Round "8"]
[White "Emberger, Rene"]
[Black "Klinkan, Elisabeth"]
[Result "1/2-1/2"]
[WhiteElo "2118"]
[BlackElo "2004"]
[PlyCount "100"]
[EventDate "2004.09.04"]
[EventType "swiss"]
[EventRounds "9"]
[EventCountry "AUT"]
[SourceTitle "EXT 2006"]
[Source "ChessBase"]
[SourceDate "2005.11.24"]
[SourceVersion "1"]
[SourceVersionDate "2005.11.24"]
[SourceQuality "1"]

1. b4 d5 2. Bb2 Nd7 3. Nf3 Ngf6 4. e3 e6 5. a3 Bd6 6. c4 dxc4 7. Bxc4 0-0 8. 0-0 b6 9. d4 Bb7 10. Nbd2 c5 11. bxc5 bxc5 12. Rb1 Nb6 13. Bd3 Rc8 14. Rc1 Qe7 15. a4 cxd4 16. Bxd4 e5 17. Bxb6 axb6 18. Bb5 Rxc1 19. Qxc1 e4 20. Nd4 Qe5 21. g3 Qh5 22. Rd1 Ng4 23. Nf1 Ne5 24. Nd2 Nd3 25. Qb1 Nxf2 26. Be2 Ng4 27. Nf1 Bc5 28. a5 Qg5 29. Qb3 Rd8 30. Ne6 fxe6 31. Rxd8+ Qxd8 32. Bxg4 g6 33. Qxe6+ Kg7 34. Qe5+ Kh6 35. axb6 Qxb6 36. Kf2 Bd6 37. Qd4 Bc5 38. Qe5 Bd6 39. Qd4 Qd8 40. Nd2 Qf8+ 41. Kg1 Bc5 42. Qc3 Ba6 43. Bh3 Bd3 44. Nf1 Qd6 45. Qb2 Bxf1 46. Bxf1 Bxe3+ 47. Kg2 Bd2 48. Qb5 Bg5 49. Qa6 Qd2+ 50. Qe2 Qd5 1/2-1/2

[Event "Graz op-A"]
[Site "Graz"]
[Date "2004.09.04"]
[Round "1"]
[White "Klinkan, Elisabeth"]
[Black "Kreisl, Robert"]
[Result "0-1"]
[WhiteElo "2004"]
[BlackElo "2206"]
[PlyCount "48"]
[EventDate "2004.09.04"]
[EventType "swiss"]
[EventRounds "9"]
[EventCountry "AUT"]
[SourceTitle "EXT 2006"]
[Source "ChessBase"]
[SourceDate "2005.11.24"]
[SourceVersion "1"]
[SourceVersionDate "2005.11.24"]
[SourceQuality "1"]

1. d4 Nf6 2. Nf3 c5 3. e3 d5 4. dxc5 e6 5. c4 Bxc5 6. cxd5 exd5 7. Be2 0-0 8. 0-0 Nc6 9. Qc2 Qe7 10. a3 Bg4 11. b4 Bb6 12. Bb2 Ne4 13. Nd4 Nxf2 14. Bxg4 Nxg4 15. Nf5 Qc7 16. g3 Nxe3 17. Nxe3 Bxe3+ 18. Kg2 Bb6 19. Rf4 Ne7 20. Qd3 Rac8 21. Bc3 Ng6 22. Rf1 d4 23. Bd2 Qc6+ 24. Kh3 Rfe8 0-1

[Event "AUT-ch (Women)"]
[Site "Hartberg"]
[Date "2004.07.26"]
[Round "3"]
[White "Klinkan, Elisabeth"]
[Black "Galambfalvy, Monika"]
[Result "1-0"]
[WhiteElo "2004"]
[BlackElo "1704"]
[PlyCount "65"]
[EventDate "2004.07.??"]
[EventType "swiss"]
[EventRounds "9"]
[EventCountry "AUT"]
[SourceTitle "CBM 101 Extra"]
[Source "ChessBase"]
[SourceDate "2004.09.01"]
[SourceVersion "2"]
[SourceVersionDate "2004.09.01"]
[SourceQuality "1"]

1. e3 Nf6 2. Nf3 d6 3. c4 g6 4. Nc3 Bg7 5. d4 0-0 6. Qc2 Nbd7 7. Be2 Re8 8. 0-0 e5 9. Rd1 b6 10. Rb1 Bb7 11. d5 Ng4 12. h3 Nh6 13. e4 f6 14. Be3 Bc8 15. b4 Nf7 16. Bd3 a5 17. a3 Ng5 18. Nxg5 fxg5 19. Na4 axb4 20. axb4 Qf6 21. c5 Ba6 22. cxb6 Bxd3 23. Rxd3 cxb6 24. Nxb6 Nxb6 25. Bxb6 Rec8 26. Rc3 Qf8 27. b5 Bf6 28. Bc7 Bd8 29. b6 Bxc7 30. b7 Rcb8 31. bxa8Q Rxb1+ 32. Qxb1 Qxa8 33. Rxc7 1-0

[Event "Vienna op-B 14th"]
[Site "Vienna"]
[Date "2003.08.23"]
[Round "8"]
[White "Klinkan, Elisabeth"]
[Black "Neuman, Carlo"]
[Result "1/2-1/2"]
[WhiteElo "1891"]
[BlackElo "1968"]
[PlyCount "54"]
[EventDate "2003.08.16"]
[EventType "swiss"]
[EventRounds "9"]
[EventCountry "AUT"]
[SourceTitle "CBM 095 Extra"]
[Source "ChessBase"]
[SourceDate "2003.09.04"]
[SourceVersion "1"]
[SourceVersionDate "2003.09.04"]
[SourceQuality "1"]

1. d4 e6 2. c4 c5 3. d5 exd5 4. cxd5 d6 5. Nc3 Ne7 6. e4 Ng6 7. Nge2 Be7 8. Ng3 a6 9. a4 Bf6 10. Bd2 Be5 11. Bc4 0-0 12. 0-0 Nf4 13. Rb1 Nd7 14. Nce2 Nxe2+ 15. Qxe2 Re8 16. f4 Bd4+ 17. Kh1 Nf6 18. Bc3 Bxc3 19. bxc3 Nxe4 20. Nxe4 Bf5 21. Rxb7 Rxe4 22. Qa2 Qe8 23. Bd3 Re1 24. Qf2 Rxf1+ 25. Bxf1 Qxa4 26. Rb6 Rd8 27. Rxa6 Qd7 1/2-1/2

[Event "Vienna op-B 14th"]
[Site "Vienna"]
[Date "2003.08.22"]
[Round "7"]
[White "Forer, Lorenz"]
[Black "Klinkan, Elisabeth"]
[Result "0-1"]
[WhiteElo "1980"]
[BlackElo "1891"]
[PlyCount "98"]
[EventDate "2003.08.16"]
[EventType "swiss"]
[EventRounds "9"]
[EventCountry "AUT"]
[SourceTitle "CBM 095 Extra"]
[Source "ChessBase"]
[SourceDate "2003.09.04"]
[SourceVersion "1"]
[SourceVersionDate "2003.09.04"]
[SourceQuality "1"]

1. e4 c5 2. c3 d6 3. d4 cxd4 4. cxd4 Nf6 5. Nc3 e6 6. Bd3 Be7 7. Nf3 0-0 8. Qe2 Re8 9. 0-0 Nbd7 10. Bf4 Nh5 11. Be3 b6 12. Rfd1 Nhf6 13. Rac1 Bb7 14. Bf4 Nh5 15. Bd2 Qb8 16. Bb5 Rd8 17. Bc4 Nhf6 18. Bg5 h6 19. Bh4 Kf8 20. Re1 a6 21. a4 Re8 22. Bd3 Kg8 23. Na2 e5 24. d5 Nc5 25. Bc2 Qd8 26. Bxf6 Bxf6 27. Nc3 Bg5 28. Nxg5 Qxg5 29. g3 Bc8 30. h4 Qg6 31. Kg2 f5 32. b4 Nb7 33. exf5 Bxf5 34. Bxf5 Qxf5 35. Qe4 Rf8 36. Qxf5 Rxf5 37. Ne4 a5 38. Rc6 axb4 39. Rxb6 Nc5 40. Rxb4 Nd3 41. Reb1 Nxb4 42. Rxb4 Ra6 43. Rc4 Rf8 44. Rb4 Rfa8 45. Nc3 Ra5 46. Rb6 Rc5 47. Ne4 Rxd5 48. Rxd6 Rxd6 49. Nxd6 Rxa4 0-1

[Event "Vienna op-B 14th"]
[Site "Vienna"]
[Date "2003.08.18"]
[Round "3"]
[White "Posch, Thomas"]
[Black "Klinkan, Elisabeth"]
[Result "1/2-1/2"]
[WhiteElo "1723"]
[BlackElo "1891"]
[PlyCount "53"]
[EventDate "2003.08.16"]
[EventType "swiss"]
[EventRounds "9"]
[EventCountry "AUT"]
[SourceTitle "CBM 095 Extra"]
[Source "ChessBase"]
[SourceDate "2003.09.04"]
[SourceVersion "1"]
[SourceVersionDate "2003.09.04"]
[SourceQuality "1"]

1. e4 c5 2. Nf3 a6 3. d4 cxd4 4. Nxd4 e6 5. Nc3 Nc6 6. Be3 Qc7 7. Be2 Bb4 8. 0-0 Nf6 9. Bd3 Nxd4 10. Bxd4 e5 11. Be3 Bxc3 12. bxc3 Qxc3 13. Bg5 Qc6 14. f4 exf4 15. Bxf4 0-0 16. Qf3 d5 17. e5 Ne4 18. Rae1 Bf5 19. c4 Qg6 20. cxd5 Ng5 21. Bxg5 Bxd3 22. Rf2 Qxg5 23. Qxd3 Rad8 24. d6 Rfe8 25. Qd5 Rd7 26. Qd4 Qd8 27. Ref1 1/2-1/2

[Event "Vienna op-B 14th"]
[Site "Vienna"]
[Date "2003.08.17"]
[Round "2"]
[White "Klinkan, Elisabeth"]
[Black "Dragschitz, Oliver"]
[Result "1-0"]
[WhiteElo "1891"]
[BlackElo "1776"]
[PlyCount "136"]
[EventDate "2003.08.16"]
[EventType "swiss"]
[EventRounds "9"]
[EventCountry "AUT"]
[SourceTitle "CBM 095 Extra"]
[Source "ChessBase"]
[SourceDate "2003.09.04"]
[SourceVersion "1"]
[SourceVersionDate "2003.09.04"]
[SourceQuality "1"]

1. d4 Nf6 2. c4 g6 3. Nc3 Bg7 4. e4 d6 5. Bd3 Nc6 6. Nge2 Ng4 7. f3 Nh6 8. Be3 f5 9. Qd2 fxe4 10. Bxe4 Nf5 11. Bf2 0-0 12. 0-0 Bh6 13. f4 e5 14. dxe5 Nxe5 15. Qd5+ Nf7 16. Qd3 Ng7 17. Bf3 c6 18. Kh1 Ne6 19. g3 Nc5 20. Bxc5 dxc5 21. Qe3 Qa5 22. Qe7 Qb4 23. b3 Bg7 24. Rac1 Bh3 25. Rfd1 Rae8 26. Qh4 Bf5 27. g4 Bc8 28. Ne4 Qa3 29. Rc2 Rd8 30. Rxd8 Rxd8 31. Nf6+ Bxf6 32. Qxf6 Qa5 33. Qe7 Qe1+ 34. Kg2 Qd1 35. Rb2 Qd6 36. Qe3 b5 37. cxb5 cxb5 38. Rc2 h5 39. gxh5 gxh5 40. Bxh5 Bb7+ 41. Kf2 Qf6 42. Rxc5 Rd5 43. Bxf7+ Qxf7 44. Rxd5 Qxd5 45. Qe8+ Kh7 46. Qe7+ Kg6 47. h4 Qf3+ 48. Ke1 Qh1+ 49. Kd2 Qd5+ 50. Kc1 Qh1+ 51. Kb2 a6 52. f5+ Kh6 53. Qg5+ Kh7 54. Qg6+ Kh8 55. f6 Qg2 56. Qxg2 Bxg2 57. Nf4 Be4 58. Ne6 Bg6 59. Nc7 Kg8 60. Nxa6 Kf7 61. Nc7 Bd3 62. Kc3 Bb1 63. a3 Kxf6 64. Nxb5 Kg6 65. a4 Kh5 66. a5 Kxh4 67. a6 Be4 68. Kd4 Bg2 1-0